| 000 | 00635nam a2200229Ia 4500 | ||
|---|---|---|---|
| 003 | GCL | ||
| 008 | 140319s9999 xx 000 0 ara d | ||
| 040 |
_aGCL / _cGCL |
||
| 082 | 0 | 4 |
_a927 _bس ح |
| 100 | 1 | _aستون، ارفنج | |
| 245 | 1 | 0 |
_aحياة فان جوخ / _cستون، ارفنج |
| 700 | 1 | _aعزالدين فريد (مراجع) | |
| 700 | 1 | _aمحمد محمود صفوت | |
| 300 | _a302 ص | ||
| 490 |
_aالالف كتاب _v0 |
||
| 650 | 0 | 4 | _aالتراجم |
| 650 | 0 | 4 | _aالفنانون |
| 650 | 0 | 4 | _aالرسم |
| 650 | 0 | 4 | _aالفنون التشكيلية |
| 650 | 0 | 4 | _aفان جوخ |
| 942 |
_2ddc _cBK |
||
| 999 |
_c40689 _d40689 |
||